De la Conreria al turó de les Maleses /
Descripción Física:
1 fulletó desplegable : il·lustracions ; 42 x 30 cm
Colección:
Itineraris senyalitzats
; SL-C 150
Materias:
Parc de la Serralada de Marina (Catalunya) -- Guies
; Parc de la Serralada de Marina (Catalunya) -- Circuits turístics
Idioma:
Catalán
MARC
| LEADER | 00000nam a2200000 a 4500 | ||
|---|---|---|---|
| 001 | 25371 | ||
| 003 | Arxiu | ||
| 005 | 20260324181103.0 | ||
| 008 | 220502s2020 spca|||| ||||s00| 0 cat c | ||
| 017 | |a DL B 2615-2020 | ||
| 040 | |a AGDB | ||
| 080 | |a FU-68-40 | ||
| 110 | 2 | |9 10205 |a Parc de la Serralada de Marina (Catalunya) | |
| 245 | 1 | 0 | |a De la Conreria al turó de les Maleses / |c Parc de la Serralada Marina |
| 260 | |a Barcelona : |b Diputació de Barcelona. Xarxa de Parcs Naturals, |c 2020 | ||
| 300 | |a 1 fulletó desplegable : |b il·lustracions ; |c 42 x 30 cm | ||
| 490 | 1 | |a Itineraris senyalitzats ; |v SL-C 150 | |
| 610 | 1 | 0 | |9 52709 |a Parc de la Serralada de Marina (Catalunya) |v Guies |
| 610 | 1 | 0 | |9 52720 |a Parc de la Serralada de Marina (Catalunya) |x Circuits turístics |
| 710 | 1 | |a Barcelona (Catalunya : Província). |b Xarxa de Parcs Naturals |9 7250 | |
| 830 | 0 | |a Itineraris senyalitzats |v SL-C 150 |9 55975 | |
| 942 | |2 udc |n 1 |c ARXIU | ||
| 952 | |0 0 |1 0 |4 0 |6 FU6840 |7 1 |9 61448 |a Arxiu |b Arxiu |d 2022-05-02 |l 0 |o FU-68-40 |p 25371 |r 2022-05-02 00:00:00 |w 2022-05-02 |y ARXIU | ||
| 999 | |c 81401 |d 81401 | ||